000 00652nam a2200145 i 4500
001 171772
003 ES-MaACL
005 20230906214727.0
008 090529s1882 sp |||| | spa d
245 0 0 _aComision especial para estudiar los medios de contener en lo posible la emigracion por medio del desarrollo del trabajo
_b: actas, dictámenes, interrogatorios y documentos /
_cMemoria presentada por la Comision al Excmo. Sr. Ministro de Fomento.
260 _aMadrid :
_b[s.n.],
_c1882 (
_fImp. de "El Correo")
300 _a90 p. ;
_c26 cm.
852 _aES-MaACL
_jT-893-F-11
_z.- Sello del Ministerio de Fomento
852 _aES-MaACL
_jT-508-F-13
999 _c171772
_d171772